| 000 | 005690000a22001810004500 | ||
|---|---|---|---|
| 003 | MACL | ||
| 005 | 20160224150613.0 | ||
| 008 | 160224b xxu||||| |||| 00| 0 eng d | ||
| 040 |
_aMACL _cMACL |
||
| 041 | _aHindi | ||
| 082 | _a800/JAI | ||
| 100 |
_aसाहित्याचार्य प्रो. राजकुमार जैन _940077 |
||
| 245 | _aअध्यात्म-पदावली | ||
| 260 |
_bभारतीय ज्ञानपीठ _aकाशी |
||
| 350 | _a5 | ||
| 650 |
_aLiterature _940078 |
||
| 942 |
_cHIN _k800 _2ddc |
||
| 999 |
_c23631 _d23631 |
||